| 000 | 00535nam a2200181Ia 4500 | ||
|---|---|---|---|
| 999 |
_c47934 _d47934 |
||
| 003 | GCL | ||
| 005 | 20240530104453.0 | ||
| 008 | 140319s9999 xx 000 0 ara d | ||
| 040 |
_aGCL / _cGCL |
||
| 082 | 0 | 4 |
_a683.8 _bف م |
| 100 | 1 | _aفاروق سيد حسين | |
| 245 | 1 | 0 |
_aالمرئيات والفيديو / _cفاروق سيد حسين |
| 300 | _a64 ص | ||
| 490 |
_aموسوعة الاجهزة المنزلية الالكترونية _v0 |
||
| 650 | 0 | 4 | _aالفيديو |
| 650 | 0 | 4 | _aالتليفزيون |
| 942 |
_2ddc _cBK |
||